<?xml version="1.0" encoding="UTF-8"?>
<collection xmlns="http://www.loc.gov/MARC21/slim">
 <record>
  <leader>00451pamaa2200157   4500</leader>
  <controlfield tag="001">0000017209</controlfield>
  <controlfield tag="005">20060505090000.0</controlfield>
  <datafield tag="020" ind1="0" ind2="0">
   <subfield code="a">0712614311 </subfield>
  </datafield>
  <datafield tag="082" ind1=" " ind2=" ">
   <subfield code="a">248.4 ROO</subfield>
  </datafield>
  <datafield tag="090" ind1="0" ind2="0">
   <subfield code="a">BV4501.2 </subfield>
   <subfield code="b">ROO</subfield>
  </datafield>
  <datafield tag="100" ind1="1" ind2="0">
   <subfield code="a">ROOSE-Evans </subfield>
  </datafield>
  <datafield tag="245" ind1="1" ind2="0">
   <subfield code="a">Inner journey, outer journey : </subfield>
   <subfield code="b">finding a spiritual cente in everyday life  </subfield>
   <subfield code="c">James Roose-Evans.</subfield>
  </datafield>
  <datafield tag="260" ind1="0" ind2="0">
   <subfield code="a">London: </subfield>
   <subfield code="b">Rider, </subfield>
   <subfield code="c">1987.</subfield>
  </datafield>
  <datafield tag="300" ind1=" " ind2=" ">
   <subfield code="a">216p.: </subfield>
   <subfield code="b">24cm.</subfield>
  </datafield>
  <datafield tag="650" ind1="0" ind2="0">
   <subfield code="a">Christian life </subfield>
  </datafield>
  <datafield tag="650" ind1="0" ind2="0">
   <subfield code="a">Religion -- </subfield>
   <subfield code="x">Christian </subfield>
  </datafield>
 </record>
</collection>
